Statistics for Washington Cities Map Quiz

Click here to take the quiz!

General Stats

  • This quiz has been taken 11,893 times
  • The average score is 7 of 14

Answer Stats

Answer % Correct
Seattle
89%
Spokane
66%
Olympia
66%
Vancouver
57%
Bellingham
52%
Port Angeles
50%
Walla Walla
49%
Long Beach
49%
Forks
40%
Yakima
39%
Pullman
34%
Aberdeen
34%
Wenatchee
30%
Kennewick
27%

Score Distribution

Percentile by Number Answered

Percent of People with Each Score

Your Score History

You have not taken this quiz